Статьи; Эссе; Вчерашний мир. Воспоминания европейца: пер. с нем.

Dades bibliogràfiques
Autor principal: Цвейг С. Стефан
Altres autors: Затонский Д. В. (автор предисловия), Федин К. А., Федин К. А. Константин Александрович
Idioma:rus
Publicat: Москва, Радуга, 1987
Col·lecció:XX век : писатель и время
Matèries:
Format: MixedMaterials Llibre
KOHA link:https://koha.lib.tpu.ru/cgi-bin/koha/opac-detail.pl?biblionumber=165662

MARC

LEADER 00000nam0a2200000 4500
001 165662
005 20231101222552.0
020 |a RU  |b 87-35947 
035 |a (RuTPU)RU\TPU\book\179704 
090 |a 165662 
100 |a 20090921d1987 m y0rusy5003 ca 
101 1 |a rus  |c ger 
102 |a RU 
105 |a c z 000ay 
200 1 |a Статьи; Эссе; Вчерашний мир. Воспоминания европейца  |e пер. с нем.  |f С. Цвейг  |g авт. предисл. Д. В. Затонский ; К. А. Федин 
210 |a Москва  |c Радуга  |d 1987 
215 |a 478,[1] с.  |c портр.  |d 21 см 
225 1 |a XX век : писатель и время 
610 1 |a немецкая литература 
610 1 |a статьи 
610 1 |a эссе 
675 |a 83  |z rus 
700 1 |a Цвейг  |b С.  |c австрийский писатель  |f 1881-1942  |g Стефан  |2 stltpush  |3 (RuTPU)RU\TPU\pers\17082  |9 6222 
702 1 |a Затонский  |b Д. В.  |4 080 
702 1 |a Федин  |b К. А.  |4 080 
702 1 |a Федин  |b К. А.  |c русский писатель  |c академик АН СССР  |f 1892-1977  |g Константин Александрович  |2 stltpush  |3 (RuTPU)RU\TPU\pers\3664  |9 803 
801 0 |a RU  |b RuMRKP  |c 19950417  |g psbo 
801 1 |a RU  |b 63413507  |c 20090921 
801 2 |a RU  |b 63413507  |c 20170113  |g RCR 
942 |c BK